000 00449 a2200169 4500
001 066108
003 OSt
005 20210914140358.0
008
082 _a150.195092
_bH75J
100 1 _aHomer, Sean
245 1 _aJacques Lacan
_cby Sean Homer
260 _aLondon
_bRoutledge
_c2007
300 _a155p.
690 _aPsychoanalysis; Lacan, Jacques, 1901-1981; Psychoanalytic interpretation
942 _2ddc
_cBK
999 _c299
_d299